The University of Tulsa 1988-1990 / (Record no. 617137)

000 -LEADER
fixed length control field 00380nam a22001457a 4500
003 - CONTROL NUMBER IDENTIFIER
control field NUST
005 - DATE AND TIME OF LATEST TRANSACTION
control field 20260416155531.0
008 - FIXED-LENGTH DATA ELEMENTS--GENERAL INFORMATION
fixed length control field 260416b ||||| |||| 00| 0 eng d
082 ## - DEWEY DECIMAL CLASSIFICATION NUMBER
Classification number 378
Author Mark BUL
100 ## - MAIN ENTRY--PERSONAL NAME
Personal name Graduate Bulletin.
9 (RLIN) 134183
245 ## - TITLE STATEMENT
Title The University of Tulsa 1988-1990 /
Statement of responsibility, etc. Graduate Bulletin.
300 ## - PHYSICAL DESCRIPTION
Extent 184 p ;
Dimensions 25.00 cm
563 ## - BINDING INFORMATION
Binding note Paperback
942 ## - ADDED ENTRY ELEMENTS (KOHA)
Source of classification or shelving scheme
Koha item type Book
Holdings
Withdrawn status Lost status Source of classification or shelving scheme Damaged status Not for loan Permanent Location Current Location Date acquired Total Checkouts Full call number Barcode Date last seen Price effective from Koha item type
          Institute of Geographical Information Systems (IGIS) Institute of Geographical Information Systems (IGIS) 04/16/2026   378 BUL IGIS-1335 04/16/2026 04/16/2026 Book
© 2023 Central Library, National University of Sciences and Technology. All Rights Reserved.